|
|
|
|
| LEADER |
00000nab a2200000 a 4500 |
| 001 |
vtls008871186 |
| 003 |
SK-MaSNL |
| 005 |
20260304135946.0 |
| 008 |
250505c2006 xo |||||||||||000 b|slo |
| 015 |
|
|
|a SNBRB2006/10
|2 snkbucl
|
| 035 |
|
|
|a (uuid)cb6429ce-9b85-4847-b456-ae0c73b94eb3
|
| 035 |
|
|
|a urn:nbn:sk:snk-aby9j
|
| 035 |
|
|
|a (urnnbn)urn:nbn:sk:snk:ar-a05cea
|
| 038 |
|
|
|a SNKBUCL
|
| 040 |
|
|
|a SNKBUCL
|b slo
|c SNKBUCL
|e AACR2
|
| 041 |
0 |
|
|a slo
|
| 044 |
|
|
|a xo
|c SK
|
| 080 |
|
|
|a 004.439:004.55XML
|2 2001
|
| 080 |
|
|
|a 004.55
|2 2001
|
| 080 |
|
|
|a 004.738.5
|2 2001
|
| 100 |
1 |
|
|a Petrovský, Jaroslav
|4 aut
|9 1451138
|
| 245 |
1 |
0 |
|a XML - medzi nami strojmi
|c Jaroslav Petrovský
|
| 300 |
|
|
|b Obr.
|
| 630 |
0 |
7 |
|a XML
|2 snkbucl
|9 1273523
|
| 650 |
0 |
7 |
|a značkovacie jazyky
|2 snkbucl
|9 75392
|
| 650 |
0 |
7 |
|a XML
|2 snkbucl
|9 85317
|
| 773 |
0 |
|
|t PC revue
|g Roč. XIV, č. 6 (2006), s. 130-131
|x 1335-0226
|
| 850 |
|
|
|a Slovenská národná knižnica
|
| 852 |
|
|
|a Slovenská národná knižnica
|
| 954 |
|
|
|a odborná, vedecká literatúra pôvodná (slovenská)
|2 lita
|
| 958 |
|
|
|a article27
|
| 958 |
|
|
|a OND
|
| 958 |
|
|
|a EUIPO
|
| 999 |
|
|
|c 2912939
|d 2914869
|